El Lector Chileno: Libro Segundo

Gespeichert in:
Bibliographische Detailangaben
1. Verfasser: Guzman, Manuel Profesor de Estado
Format: Buch
Sprache:Spanisch
Erschienen: Santiago de Chile Soc. Imp. y Lit. Universo 1938
Katalog:MANES:  Suchergebnis im Bibliothekskatalog
Schulbuchspezifische Eigenschaften:
Tags: Tag hinzufügen
Keine Tags, Fügen Sie den ersten Tag hinzu!
Hinzugefügt zu:05.01.2020
Geändert in:25.04.2025

MARC

LEADER 00000nam a22000007a 4500
005 20250425101440.0
008 200106b ||||| |||| 00| 0 spa d
040 |a MGM 
561 |5 cl-MGM  |3 T 372.4 G 993l 1938 3°P  |a Chile. Museo Gabriela Mistral  |k MANES 
999 |c 87486  |d 87486 
100 |9 26401  |a Guzman, Manuel  |c  Profesor de Estado 
245 |a El Lector Chileno: Libro Segundo 
260 |a Santiago de Chile  |b Soc. Imp. y Lit. Universo  |c 1938 
300 |a 204 p.  |c 18,2 x 13 cm. 
546 |a Chile  
690 |a EyL 
691 |a PRI 
942 |2 ddc  |c BK 
999 |c manes:87486  |d 87486